00447nam a2200133Ia 4500008004100000245009100041260003300132260000900165300001000174500001100184650002700195999001900222952007200241170224s9999 xx 000 0 und d aNumerical Simulations of Earthquake Cycles Using Depth-Dependent Frictional Parameters bPhilippine Computing Journal c2012 aVII:1 aAugust xInformation Technology c315839d315839 001040aCLbCLd2017-02-24l0r2017-02-24 00:00:00w2017-02-24ySE